00486nam a2200169Ia 450000500170000000800410001702000150005808200130007310000200008624500280010626000400013430000120017465000140018694200060020095200950020699900150030120250612021157.0240331s9999 xx 000 0 und d a9552007550 bABEa320 aAbeysinghe, W.A 0aDeshaparlana vidya lipi acolombobS. godage & brothersc1992 a76 p ., aPolitical cL 001040708LaWERCLbWERCLcSSCd2024-03-31l0o 320 ABEp1038r2024-03-31w2024-03-31yL c2245d2245